Thomas & Friends Engines - Sudden Death - Statistics

General Stats
  • This quiz has been taken 989 times
  • The average score is 12 of 25
Answers on the Grid
Answers color-coded by a green-red scale on the quiz's grid according to % correct below.
Albert
Ambrose
Amos
Ben
Bill
BoCo
Cornelius
Daisy
Daniel
Diesel
Donald
Douglas
Duck
Duke
Duncan
Ebenezer
Edmund
Edward
Ellis
Ephraim
Francis
Frederick
Gordon
Henry
Herbert
Horace
Isaac
James
Jonas
Louis
Mavis
Nathaniel
Nicholas
Oliver
PapaFurchetta
Percy
Peter Sam
Ralph
Reuben
Rheneas
Richard
Rowland
Rusty
Samuel
Sir Handel
Skarloey
Solomon
Stepney
Thomas
Toby
 
Answer Stats
Answer % Correct
Thomas
78%
Percy
72%
Gordon
68%
James
67%
Diesel
66%
Henry
65%
Toby
63%
Edward
62%
Douglas
52%
Ben
47%
Donald
47%
Bill
46%
Daisy
46%
Duncan
45%
Rusty
45%
Duck
44%
Duke
41%
Oliver
40%
Mavis
37%
Sir Handel
36%
BoCo
35%
Skarloey
34%
Peter Sam
33%
Stepney
32%
Rheneas
30%
No matching quizzes found
Score Distribution
Percent of People with Each Score
Percentile by Number Answered
Your Score History
You have not taken this quiz